| 000 | 00471nam a2200193Ia 4500 | ||
|---|---|---|---|
| 999 |
_c32218 _d32218 |
||
| 003 | 0100 | ||
| 005 | 20170510095535.0 | ||
| 008 | 130303s9999 xx 000 0 und d | ||
| 040 | _cARRUPELIB | ||
| 050 | _aDT433.262.G841972 | ||
| 100 |
_aGukiina, Peter Musoke _930676 |
||
| 245 | _aUganda | ||
| 245 | _ba case study in African political development | ||
| 260 |
_bUniversity of Notre Dame Press _aNotre Dame _c1972 |
||
| 300 | _a190 p. | ||
| 300 | _b 21 cm. | ||
| 650 |
_aUganda _xPolitics _y1960 _930677 |
||
| 942 | 0 | 0 |
_02 _2lcc _cMONOGRAPH |